Účtovanie výdavkov na služby a ostatné výdavky

Výdavky na služby a ostatné výdavky z pohľadu zákona o účtovníctve a postupov účtovania a z pohľadu zákona o dani z príjmov a zákona o DPH. Príklady účtovania a stanovenia výšky výdavkov na služby a ostatných výdavkov.

Enregistré dans:
Détails bibliographiques
Auteur principal: Gášpárová, Eva
Format: Chapitre de livre
Langue:slovaque
Sujets:
Tags: Ajouter un tag
Pas de tags, Soyez le premier à ajouter un tag!

MARC

LEADER 00000naa a2200000 4500
001 0221813
005 20231114104733.0
041 0 |a slo 
044 |a SK 
245 1 0 |a Účtovanie výdavkov na služby a ostatné výdavky  |c Eva Gášpárová 
520 |a Výdavky na služby a ostatné výdavky z pohľadu zákona o účtovníctve a postupov účtovania a z pohľadu zákona o dani z príjmov a zákona o DPH. Príklady účtovania a stanovenia výšky výdavkov na služby a ostatných výdavkov. 
610 2 0 |a výdavky 
610 2 0 |a služby 
610 2 0 |a účtovanie 
610 2 0 |a postupy účtovné 
610 2 0 |a dane 
100 1 |a Gášpárová, Eva